| 000 | 01052nam a2200265 i 4500 | ||
|---|---|---|---|
| 001 | 127902 | ||
| 003 | ES-MaACL | ||
| 005 | 20260112145738.0 | ||
| 007 | t| | ||
| 008 | 070214s1915 sp af |||| | spa d | ||
| 100 | 1 |
_aRío Joan, Francisco del. _997329 |
|
| 245 | 1 | 0 |
_aÁfrica occidental española _b: (Sáhara y Guinea) : memoria elevada al Ministro de Estado / _cFrancisco del Río Joan. |
| 260 |
_aMadrid : _bMinisterio de Estado, Sección Colonial, _c1915. |
||
| 300 |
_a391 p., 31 lám. : _bil. ; _c23 cm. |
||
| 530 | _aDisponible en formato digital. | ||
| 650 | 4 |
_aObras públicas- _zGuinea Ecuatorial. _9165655 |
|
| 650 |
_aObras públicas- _zFernando Poo. _9165656 |
||
| 651 | 4 |
_aGuinea Ecuatorial- _xColonización. _98805 |
|
| 651 |
_aFernando Poo- _xColonización. _9165657 |
||
| 710 | 1 |
_aEspaña. _bMinisterio de Estado. _bSección Colonial. _93867 |
|
| 852 |
_aES-MaACL _jF-1432 _cDEPO2 |
||
| 856 | 4 |
_uhttp://bdh-rd.bne.es/viewer.vm?id=0000089311&page=1 _y(Biblioteca Digital Hispánica) |
|
| 942 | _2udc | ||
| 999 |
_c127902 _d127902 |
||